| 000 | 00484nam a2200169 4500 | ||
|---|---|---|---|
| 001 | 138739 | ||
| 003 | ES-MaACL | ||
| 005 | 20230906195627.0 | ||
| 007 | t| | ||
| 008 | 070214s1971 sp r ||||1| spa d | ||
| 100 | 1 |
_aSantos, María de los. _9103483 |
|
| 245 | 1 | 0 |
_aCómo escribir una carta de amor de éxito seguro / _cMaría de los Santos. |
| 250 | _a2ª ed. | ||
| 260 |
_aBarcelona : _bDe Vecchi, _c1971. |
||
| 300 |
_a246 p. ; _c20 cm. |
||
| 852 |
_aES-MaACL _jC-47001 _bR.80061 |
||
| 999 |
_c138739 _d138739 |
||